|
|
|
|
| LEADER |
01187nam a2200349 a 4500 |
| 001 |
17690 |
| 003 |
BD-DhAAL |
| 005 |
20140629111115.0 |
| 008 |
140629s1988 nyu b 001 0 eng |
| 010 |
|
|
|a 87046057
|
| 020 |
|
|
|a 0394551338
|
| 020 |
|
|
|z 0394757303 (pbk.)
|
| 040 |
|
|
|a DLC
|c DLC
|d DLC
|d BD-DhAAL
|
| 050 |
0 |
0 |
|a BF692.2
|b .B46 1988
|
| 082 |
0 |
0 |
|a 155.3
|2 19
|
| 100 |
1 |
|
|a Benjamin, Jessica.
|9 5156
|
| 245 |
1 |
4 |
|a The bonds of love :
|b psychoanalysis, feminism, and the problem of domination /
|c Jessica Benjamin.
|
| 250 |
|
|
|a 1st ed.
|
| 260 |
|
|
|a New York :
|b Pantheon Books,
|c c1988.
|
| 300 |
|
|
|a ix, 304 p. ;
|c 25 cm.
|
| 500 |
|
|
|a Includes index.
|
| 504 |
|
|
|a Bibliography: p. [225]-243.
|
| 541 |
|
|
|e 17690
|
| 650 |
|
0 |
|a Sex role.
|9 5157
|
| 650 |
|
0 |
|a Dominance (Psychology)
|9 5158
|
| 650 |
|
0 |
|a Recognition (Psychology)
|9 5159
|
| 650 |
|
0 |
|a Interpersonal relations.
|9 2065
|
| 650 |
|
0 |
|a Psychoanalysis and feminism.
|9 4635
|
| 650 |
|
0 |
|a Psychoanalysis.
|9 5160
|
| 942 |
|
|
|2 ddc
|c BK
|
| 999 |
|
|
|c 32799
|d 32799
|
| 952 |
|
|
|0 0
|1 0
|2 ddc
|4 0
|6 155_300000000000000_BEN
|7 0
|9 42849
|a BRACUL
|b BRACUL
|c GEN
|d 2014-06-29
|l 2
|m 23
|o 155.3 BEN
|p 3010017690
|r 2026-02-28
|s 2025-10-24
|t 1
|w 2014-06-29
|y BK
|